00357nam a2200109Ia 4500008004100000082001700041100001700058245005200075942000600127952009900133999001500232240331s9999 xx 000 0 und d a303.325bQUE aWatch Tower  0aQuestions young people ask :banswers that work cL 001040708LaWERCLbWERCLcSSCd2024-03-31l0o 303.325 QUEp2100r2024-03-31w2024-03-31yL c1221d1221